000
00352 a2200169 4500
001
182656
020
_a
85-01-03852-0
040
_c
Magnum
100
_a
Andrade, Carlos Drummond de
240
1
0
_a
Claro enigma
_l
por
245
1
0
_a
Claro enigma
300
_a
127
362
0
_a
1995
440
1
_a
Record
697
_a
LITERATURA GERAL
942
_c
BK
999
_c
182656
_d
182656